| 000 | 00803nam a2200205 a 4500 | ||
|---|---|---|---|
| 003 | 0 | ||
| 005 | 20250619092459.0 | ||
| 008 | 021121s19uu xx 00 eng d | ||
| 050 |
_aPHS TD 745 _b.I48 2000 |
||
| 100 | _aIlumin, Martin Jose F. | ||
| 245 |
_aThe Determination of the efficiency of human hair as a filtration medium for oil-contaminated water / _cMartin Josef F. Ilumin. |
||
| 260 |
_aLas PiƱas City, Philippines : _bSouthville International School and Colleges, _c2000. |
||
| 300 |
_a31 pages : _billustrations ; _c28 cm. |
||
| 504 | _aIncludes bibliographical references. | ||
| 650 |
_aWater _xPurification _vFiltration. |
||
| 650 |
_aHuman hair _xUtilization. |
||
| 650 |
_aOil spills _xEnvironmental aspects. |
||
| 650 | _aBiological filters (Sanitary engineering). | ||
| 942 |
_2lcc _cPASS |
||
| 999 |
_c96348 _d96348 |
||